00986 2200313 4500001002100000005001500021035002000036007000300056008004100059020002200100082001200122084001400134100002300148245014300171250003100314300003000345650001300375700003400388264004200422336002100464337003000485338002300515040002200538090002200560850001200582504003400594999002200628990002200650INLIS00000000088853320240709114135 a0010-0724000432ta240709s2024 yoi g | ind d a978-623-164-858-704223a100 a100 ISF f0 aIsfarohePengarang10aFilsafat dan filsafat ilmu :bdari positivisme auguste comte hingga pengilmuan Islam Kuntowijoyo /cIsfaroh; penyunting, Astria Sekar Arum aCetakan pertama, Juni 2024 axii, 287 halaman ;c20 cm 4aFilsafat0 aAstria Sekar ArumePenyunting31aBantul :bAnak Hebat Indonesia,c2024 2rdacontentateks 2rdamediaatanpa perantara 2rdacarrieravolume aYOPDYOGbinderda aCB-D.11 2024-1681 aYOPDYOG aBibliografi : halaman 281-285 aCB-D.11/2024-1681 aCB-D.11/2024-1681